000 00816nab a2200253 u 4500
001 21370
003 HDC
007 cr bn ---aaaaa
008 210306c mydr|nes 0 a eng d
040 _aHDC
245 0 _aMustapha: TPP will widen opportunities for SMEs
260 _aMalaysia :
_bNEW STRAITS TIMES,
_c2016
300 _a1pages
336 _atext
_2rdacontent
337 _acomputer
_2rdamedia
338 _aonline resource
_2rdacarrier
650 _aBusiness sector
_912091
650 _aSmall and medium enterprises
_95226
710 _aNEW STRAITS TIMES
856 _zRequest full-text at [email protected]
942 _2lcc
942 _cNEWS
942 _kNWSC 010404
999 _c18686
_d18686